| 000 | 00643nam a2200217 a 4500 | ||
|---|---|---|---|
| 005 | 20160121130208.0 | ||
| 008 | 140314b2004 ck ||||gr|||| 00| 0 spa d | ||
| 040 |
_aCO-BoIAVH _cCO-BoIAVH |
||
| 041 | _aspa | ||
| 044 | _ack | ||
| 082 | 4 |
_a338.9 _bC12c |
|
| 110 | 2 | _bCadena Productiva de la Guadua | |
| 245 | 1 | _aCadena productiva de la guadua, caracterización de eslabones, actores y procesos | |
| 260 |
_aArmenia _bGobernación del Quindío _c2004 |
||
| 300 |
_a39 paginas. _c24 xv 16 cm |
||
| 650 | 4 | _aSilvicultura | |
| 650 | 4 | _aGuadua | |
| 650 | 4 | _aEconomia | |
| 942 |
_cLIBRO _2ddc |
||
| 945 | _d2005-04-21 | ||
| 999 |
_c4392 _d4392 |
||